La Casa : (Record no. 42770)
[ view plain ]
| 000 -CABECERA | |
|---|---|
| campo de control de longitud fija | 00713nam a2200205 a 4500 |
| 001 - NÚMERO DE CONTROL | |
| campo de control | 000043281 |
| 005 - FECHA Y HORA DE LA ÚLTIMA TRANSACCIÓN | |
| campo de control | 20201002040803.0 |
| 008 - DATOS DE LONGITUD FIJA--INFORMACIÓN GENERAL | |
| campo de control de longitud fija | 140304s1993 sp 001 0 spa d |
| 020 ## - NÚMERO INTERNACIONAL ESTÁNDAR DEL LIBRO | |
| Número Internacional Estándar del Libro | 8478803033 |
| 040 ## - FUENTE DE LA CATALOGACIÓN | |
| Centro catalogador/agencia de origen | DO-SdBNP |
| Lengua de catalogación | spa |
| Centro/agencia transcriptor | BNPHU |
| 100 1# - ENTRADA PRINCIPAL--NOMBRE DE PERSONA | |
| Nombre de persona | Rueda, Fernando |
| 9 (RLIN) | 70901 |
| 245 13 - MENCIÓN DE TÍTULO | |
| Título | La Casa : |
| Resto del título | El CESID: agentes, operaciones secretas y actividades de los espias españoles / |
| Mención de responsabilidad, etc. | Fernando Rueda. |
| 260 ## - PUBLICACIÓN, DISTRIBUCIÓN, ETC. | |
| Lugar de publicación, distribución, etc. | España, : |
| Nombre del editor, distribuidor, etc. | Temas de hoy, |
| Fecha de publicación, distribución, etc. | 1993. |
| 300 ## - DESCRIPCIÓN FÍSICA | |
| Extensión | 39 p. ; |
| Dimensiones | 23 cm. |
| 490 1# - MENCIÓN DE SERIE | |
| Mención de serie | Grandes temas |
| Designación de volumen o secuencia | 8 |
| 500 ## - NOTA GENERAL | |
| Nota general | Incluye notas a pie de páginas |
| 500 ## - NOTA GENERAL | |
| Nota general | Incluye índice onomástico |
| 500 ## - NOTA GENERAL | |
| Nota general | Incluye datos biografícos del autor en la solapa de la portada |
| 830 #0 - PUNTO DE ACCESO ADICIONAL DE SERIE-TÍTULO UNIFORME | |
| Título uniforme | Grandes temas |
| Número de parte o sección de la obra | 8 |
| 9 (RLIN) | 70902 |
| Estado de retiro | Estado de pérdida | Restricciones de uso | No para préstamo | Código de colección | Localización permanente | Ubicación/localización actual | Ubicación en estantería | Fecha de adquisición | Número de inventario | Total de préstamos | Signatura topográfica completa | Código de barras | Fecha visto por última vez | Precio válido a partir de | Tipo de ítem Koha |
|---|---|---|---|---|---|---|---|---|---|---|---|---|---|---|---|
| Excluido de préstamo | Monografías: Libros y Folletos | General | General | En catalogación | 04.03.2014 | LF1 | 43281-10 | 25.06.2020 | 25.06.2020 | No se presta |
